[Event "CZE-ch Amateurs"]
[Site "Hluk"]
[Date "2025.05.06"]
[Round "1"]
[White "Pac, Richard"]
[Black "Koutny, Petr"]
[Result "0-1"]
[WhiteElo "1757"]
[BlackElo "2175"]
[PlyCount "68"]
[EventDate "2025.05.06"]
[EventType "swiss"]
[EventRounds "9"]
[EventCountry "CZE"]
[SourceTitle "CB20_2025"]
[SourceDate "2025.05.14"]
[SourceVersion "1"]
[SourceVersionDate "2025.05.14"]
[SourceQuality "1"]

1. e4 c5 2. c3 d5 3. exd5 Qxd5 4. d4 Nc6 5. Nf3 Bf5 6. Be3 cxd4 7. cxd4 Bxb1 8. Rxb1 e6 9. a3 Nf6 10. Be2 Be7 11. 0-0 0-0 12. Rc1 Rfd8 13. Qd3 a6 14. Rfd1 Rd7 15. Ne1 Qa5 16. Bf3 Ne5 17. Qb3 Nxf3+ 18. Nxf3 Nd5 19. Ne5 Rc7 20. Rxc7 Qxc7 21. Rc1 Qb8 22. Nd7 Qa7 23. Qc4 h6 24. h3 Rd8 25. Ne5 Qb8 26. Nf3 Bf6 27. Qc5 Be7 28. Qc4 Bd6 29. Nd2 Bf4 30. Qe2 Rc8 31. Rxc8+ Qxc8 32. Nb3 Bd6 33. Qg4 Nxe3 34. fxe3 Qc2 0-1

[Event "Stare Mesto Slovacky op"]
[Site "Stare Mesto"]
[Date "2024.08.10"]
[Round "9"]
[White "Pac, Richard"]
[Black "Horkovyi, Mykyta"]
[Result "0-1"]
[WhiteElo "1734"]
[BlackElo "1633"]
[PlyCount "40"]
[EventDate "2024.08.05"]
[EventType "swiss"]
[EventRounds "9"]
[EventCountry "CZE"]
[SourceTitle "EXT 2025"]
[Source "ChessBase"]
[SourceDate "2024.10.14"]
[SourceVersion "1"]
[SourceVersionDate "2024.10.14"]
[SourceQuality "1"]

1. e4 e5 2. Nf3 Nf6 3. Nxe5 Nxe4 4. Qe2 Qe7 5. Qxe4 d6 6. d4 dxe5 7. Qxe5 Qxe5+ 8. dxe5 Bf5 9. c3 Nd7 10. Bf4 0-0-0 11. b4 Re8 12. Nd2 Nxe5 13. Kd1 Bd6 14. h3 Nd3 15. Bxd3 Bxd3 16. Bxd6 cxd6 17. f4 Re2 18. g4 Rhe8 19. a4 Kd7 20. Nb3 Bc2+ 0-1

[Event "Stare Mesto Slovacky op"]
[Site "Stare Mesto"]
[Date "2024.08.07"]
[Round "4"]
[White "Kobersky, Matyas"]
[Black "Pac, Richard"]
[Result "0-1"]
[WhiteElo "1408"]
[BlackElo "1734"]
[PlyCount "38"]
[EventDate "2024.08.05"]
[EventType "swiss"]
[EventRounds "9"]
[EventCountry "CZE"]
[SourceTitle "EXT 2025"]
[Source "ChessBase"]
[SourceDate "2024.10.14"]
[SourceVersion "1"]
[SourceVersionDate "2024.10.14"]
[SourceQuality "1"]

1. d4 d5 2. c4 c6 3. cxd5 cxd5 4. Nc3 Nf6 5. Nf3 Nc6 6. Bg5 Ne4 7. Bf4 e6 8. e3 Bb4 9. Qb3 0-0 10. Bb5 Qa5 11. 0-0 Bxc3 12. bxc3 Nxc3 13. a4 a6 14. Qb2 Rd8 15. Rfc1 Na2 16. Rxa2 axb5 17. Qc2 Nb4 18. Qb2 Nxa2 19. Qxa2 Qxa4 0-1

[Event "Stare Mesto op-B"]
[Site "Stare Mesto"]
[Date "2023.08.06"]
[Round "2"]
[White "Kunc, Miroslav1"]
[Black "Pac, Richard"]
[Result "1/2-1/2"]
[WhiteElo "1437"]
[BlackElo "1391"]
[PlyCount "55"]
[EventDate "2023.08.05"]
[EventType "swiss"]
[EventRounds "9"]
[EventCountry "CZE"]
[SourceTitle "EXT 2024"]
[Source "ChessBase"]
[SourceDate "2023.10.10"]
[SourceVersion "1"]
[SourceVersionDate "2023.10.10"]
[SourceQuality "1"]

1. e4 c6 2. d4 d5 3. Nc3 dxe4 4. Nxe4 Bf5 5. Ng3 Bg6 6. Nf3 Nd7 7. Bc4 e6 8. 0-0 Bd6 9. Bg5 Qb6 10. Bb3 h6 11. Be3 Qc7 12. c4 b6 13. Rc1 Ngf6 14. c5 Bxg3 15. hxg3 b5 16. Re1 0-0 17. Bf4 Qb7 18. Ne5 Bh7 19. Qf3 Rac8 20. a4 a6 21. axb5 axb5 22. Nxd7 Qxd7 23. Bd6 Rfd8 24. Bc2 Ra8 25. Bxh7+ Kxh7 26. Ra1 Nd5 27. Ra3 Nb4 28. Qb3 1/2-1/2